| 000 | 00745cab a2200229 4500 | ||
|---|---|---|---|
| 001 | WB3440-35 | ||
| 008 | 090401t1998 xxu||||| |||| 00| 0 eng d | ||
| 035 | _a(Sirsi) u89123 | ||
| 041 | _aeng | ||
| 245 | _aNew Technology and Construction Court | ||
| 260 | _c1998 | ||
| 350 | _a0 | ||
| 490 |
_aNew Law Journal _v148(6860) 16 October 1998, 1509(1) |
||
| 520 | _aThe Official Referees` Court is to be renamed The Technology and Construction Court in an attempt to reflect the wide range of cases which it decides. | ||
| 650 | _aCONSTRUCTION ARBITRATION | ||
| 650 | _aCONSTRUCTION LITIGATION | ||
| 650 | _aOFFICIAL REFEREES COURT | ||
| 650 | _aTECHNOLOGY AND CONSTRUCTION COURT | ||
| 690 | _aLAW | ||
| 942 | _n0 | ||
| 948 | _c20/10/1998 | ||
| 999 |
_c56351 _d56351 |
||